University Home | Library Home | Institutional Repository

Class codes & control vol. 2. (Record no. 173238)

MARC details
000 -LEADER
fixed length control field 00597cam4a220021700 4500
001 - CONTROL NUMBER
control field zam00003500
008 - FIXED-LENGTH DATA ELEMENTS--GENERAL INFORMATION
fixed length control field 951128s1973 xx eng u
035 ## - SYSTEM CONTROL NUMBER
System control number (Sirsi) r20827
035 ## - SYSTEM CONTROL NUMBER
System control number (MACHINE)SLC.
100 ## - MAIN ENTRY--PERSONAL NAME
Personal name Bernstein, B.
Linkage A82327.1
245 10 - TITLE STATEMENT
Title Class codes & control vol. 2.
260 ## - PUBLICATION, DISTRIBUTION, ETC.
Date of publication, distribution, etc. 1973.
591 ## -
-- Class code: E 949.
591 ## -
-- Course: Sociolinguistics.
591 ## -
-- School: S05.
591 ## -
-- Lecturer: Mr. HIRST, S.B.
591 ## -
-- Number of Students: 20.
949 ## - LOCAL PROCESSING INFORMATION (OCLC)
a P41
v VOL. 2
w lcc
m MAIN
p 2500
t SHORTLOAN
l SHORTLOAN
909 ## -
-- Book

No items available.

© 2026 - The University of Zambia Library - Koha v25.11